000 00409nam a2200157Ia 4500
008 241127s9999||||xx |||||||||||||| ||und||
020 _a9789836224026
_c00
040 _beng
_cSSK Library
_erda
082 _a499.2382/ABD
100 _a Abdul Hamid Mahmood
245 0 _aAyat Pasif Bahasa Melayu
260 _b Dewan Bahasa & Pustaka
_c©1992
942 _22ddc
_cBOOK
_nNo
999 _c8828
_d8828
003 OSt
005 20241127152752.0